| 000 | 00354nam a22001571a 4500 | ||
|---|---|---|---|
| 999 |
_c48527 _d48527 |
||
| 020 | _a9788187302568 | ||
| 082 |
_aH1 _bVEE/U |
||
| 100 | _aVeera | ||
| 245 |
_aUtna he hara bhara/ _cby Veera |
||
| 260 |
_aNew Delhi: _bShilpayan, _c2004. |
||
| 300 | _a92p. | ||
| 650 | _aPoetry Hindi | ||
| 650 | _aLiterature Hindi | ||
| 650 | _aLiterature | ||
| 942 | _cBK | ||